00969cam a2200265 a 450000100100000000500170001000800410002703500190006804000250008704200120011208200170012410000300014124501150017125000110028626000380029730000210033550400350035661000420039165000420043370000470047591000340052204900090055695201210056599900170068600001305520251204073702.0771115s1965 ag b 001 0 spa  a(OCoLC)3420727 aDO-SdBNPcFMFIUdDLC apremarc a353.4bG283p1 aGaviola, Carlos A.93017313aEl Poder de la Suprema Corte de los Estados Unidos /cCarlos A. Gaviola ; prólogo José María Pi Suñer. a2a ed. aBuenos Aires :bArgentina,c1965. a233 p. ;c23 cm. aBibliografía: p. [215] -216.10aESTADOS UNIDOSxSUPREMA CORTE.930174 0aAdministración de justicia 9100831 aPi Suñer, José Maríaepról.930175 aCatalogación por copia / LC aBNGR 001052708MOaGRbGRcCTd2009-11-19iLF1l0o353.4 G283pp13055-10r2020-06-25w2020-06-25y2ZPréstamo interno c12697d12697